Moral psychology of hate (Record no. 1435908)

MARC details
000 -LEADER
fixed length control field 00880 a2200265 4500
005 - DATE AND TIME OF LATEST TRANSACTION
control field 20251111153710.0
008 - FIXED-LENGTH DATA ELEMENTS--GENERAL INFORMATION
fixed length control field 251111b |||||||| |||| 00| 0 eng d
020 ## - INTERNATIONAL STANDARD BOOK NUMBER
International Standard Book Number 9781538164501 (pbk)
037 ## - SOURCE OF ACQUISITION
Terms of availability TB
040 ## - CATALOGING SOURCE
Original cataloging agency CRL
Transcribing agency CRL
041 ## - LANGUAGE CODE
Source of code eng
Language code of text/sound track or separate title eng
084 ## - COLON CLASSIFICATION NUMBER
Classification number R4,(S:52) R2
Assigning agency CRL
245 ## - TITLE STATEMENT
Title Moral psychology of hate
260 ## - PUBLICATION, DISTRIBUTION, ETC.
Place of publication, distribution, etc. Lanham, Maryland:
Name of publisher, distributor, etc. Rowman & Littlefield,
Date of publication, distribution, etc. 2022.
300 ## - PHYSICAL DESCRIPTION
Extent xviii, 302p.
365 ## - TRADE PRICE
Price amount 30.00
Currency code UKP
490 ## - SERIES STATEMENT
Series statement Moral psychology of the emotions, Editor Mark Alfano
650 ## - SUBJECT ADDED ENTRY--TOPICAL TERM
Topical term or geographic name entry element Philosophy
9 (RLIN) 850727
650 ## - SUBJECT ADDED ENTRY--TOPICAL TERM
Topical term or geographic name entry element Ethics
9 (RLIN) 850728
650 ## - SUBJECT ADDED ENTRY--TOPICAL TERM
Topical term or geographic name entry element Psychology
9 (RLIN) 850729
650 ## - SUBJECT ADDED ENTRY--TOPICAL TERM
Topical term or geographic name entry element Emotion
9 (RLIN) 850730
700 ## - ADDED ENTRY--PERSONAL NAME
Personal name Birondo, Noell
Relator term editor.
9 (RLIN) 850731
942 ## - ADDED ENTRY ELEMENTS (KOHA)
Koha item type Textbook
Source of classification or shelving scheme Colon Classification (CC)
Suppress in OPAC No
Classification part R4,(S:52) R2
Holdings
Withdrawn status Lost status Source of classification or shelving scheme Damaged status Not for loan Home library Current library Date acquired Source of acquisition Cost, normal purchase price Inventory number Total Checkouts Full call number Barcode Date last seen Cost, replacement price Price effective from Koha item type
    Colon Classification (CC)     Central Library Central Library 2025-10-14 32/ Govinda Book House 2509.08 6928 & 2025-10-01   R4,(S:52) R2 CL1923991 2025-10-14 3584.40 2025-10-14 Textbook
Copyright @ Delhi University Library System